Új név, bővült tartalom [rövid hír]
Elmentve itt :
| Dokumentumtípus: | Cikk |
|---|---|
| Megjelent: |
1970-04-19
|
| Sorozat: | Délmagyarország
60 No. 91 |
| Kulcsszavak: | Csongrád Megyei Tanács Művelődési Központja, Művelődésügy átszervezése Szeged 1970 |
| Online Access: | http://dmarchiv.bibl.u-szeged.hu/72844 |
| LEADER | 00495nab a2200145 i 4500 | ||
|---|---|---|---|
| 001 | delm72844 | ||
| 005 | 20180928082556.0 | ||
| 008 | 180928s1970 hu o 0|| hun d | ||
| 040 | |a SZTE Délmagyarország Archívum |b hun | ||
| 041 | |a hun | ||
| 245 | 0 | 0 | |a Új név, bővült tartalom |h [elektronikus dokumentum] : |b [rövid hír] |
| 260 | |c 1970-04-19 | ||
| 300 | |a 11 | ||
| 490 | 0 | |a Délmagyarország |v 60 No. 91 | |
| 695 | |a Csongrád Megyei Tanács Művelődési Központja, Művelődésügy átszervezése Szeged 1970 | ||